| 000 | 01023nam a22002177a 4500 | ||
|---|---|---|---|
| 003 | NALT | ||
| 005 | 20220614144137.0 | ||
| 008 | 220530b th ||||| |||| 00| 0 tha d | ||
| 040 | _aNALT | ||
| 086 | _aนร 07 7.3 343.03 2566 | ||
| 110 | 2 |
_9619 _aสำนักนายกรัฐมนตรี. _bสำนักงบประมาณ |
|
| 245 | 1 | 0 |
_aรายงานการวิเคราะห์ผลกระทบที่อาจเกิดขึ้นจากกฎหมาย / _cสำนักงบประมาณ. |
| 260 |
_aกรุงเทพฯ : _bสำนักงบประมาณ, _c2565. |
||
| 300 |
_a10 หน้า ; _c29 ซม. |
||
| 650 | 4 |
_918670 _aงบประมาณ _xกฎหมายและระเบียบข้อบังคับ |
|
| 850 | _aNALT | ||
| 856 | 4 | 0 | _uhttps://bbstore.bb.go.th/cms/1652841964_1795.pdf |
| 942 |
_cGOV _2local |
||
| 998 |
_abijaya _cDAO _j1020 _k จำเรียง ระวังสำโรง |
||
| 999 |
_c100215 _d100215 |
||